000 00489nam a2200181Ia 4500
999 _c14356
_d14356
003 OSt
005 20201028101006.0
008 190216s9999||||xx |||||||||||||| ||und||
020 _a9780144000241
040 _coclc
082 _a823
_bPES/S
100 _aPestonji, Meher
_95507
245 0 _aSadak Chhaap /
_cMeher Perstonji
260 _bPenguin Books,
_aNew Delhi:
_c2005.
300 _a190p
650 _aEnglish
942 _cBK
_2ddc
_h823
_iPES/S
_k823
_mPES/S